000 00500nam a2200193 a 4500
001 10998
003 CO-ViMGA
008 141112s2004 ck r 000 u spa d
020 _a8475304788
040 _aCO-ViMGA
_bspa
_cCO-ViMGA
082 0 4 _a321.07 M67u6
100 1 _aMore Thomas,
_915139
245 1 0 _aUtopĂ­a
260 _aBarcelona,
_cEdiciones Orbis
300 _a200 p.
650 1 4 _aERASMO TEXTOS BILINGUES - TEXTO INGLES Y LATINO
_915140
650 1 4 _aUTOPIAS
_947853
942 _2ddc
_cBK
999 _c22216
_d22216